Analýza nitridovaných nástrojových ocelí : Diplomová práca

Na minha lista:
Detalhes bibliográficos
Autor principal: Bartovičová, Natália (Author)
Outros Autores: Hudáková, Mária, 1962- (xxx)
Formato: Manuscrito Livro
Idioma:eslovaco
Publicado em: Trnava : STU v Bratislave MtF KMI, 2006
Assuntos:
Tags: Adicionar Tag
Sem tags, seja o primeiro a adicionar uma tag!

MARC

LEADER 00000ntm a22000003a 4500
001 stu124078
005 20160719155501.9
008 060725s2006----xo------------------slo-d
040 |a STU  |b slo 
041 0 |a slo 
044 |a xo 
100 1 |a Bartovičová, Natália  |4 aut 
245 1 |a Analýza nitridovaných nástrojových ocelí :  |b Diplomová práca 
260 |a Trnava :  |b STU v Bratislave MtF KMI,  |c 2006 
300 |a 72 s  |c 1 CD 
650 7 |a materiálové inžinierstvo  |2 stusub 
650 7 |a tepelné spracovanie  |2 stusub 
700 1 |a Hudáková, Mária,  |d 1962-  |4 xxx  |u M1000  |U MTF Materiálovotechnologická fakulta  |T MTF Ústav materiálov  |X 2754  |U M1000  |Y 81  |7 A000002754 
996 |b 284M073767  |c M*DP-6220  |l MMSKP  |s P  |a 0  |w stu124078_0001